El filósofo y los poderes : conversaciones con Pascal Lainé y Blandine Barret-Kriegel /

محفوظ في:
التفاصيل البيبلوغرافية
المؤلف الرئيسي: Desanti, Jean Toussaint (autor)
مؤلفون آخرون: Lainé, Pascal (autor) (autor), Barret-Kriegel, Blandine (autor) (autor)
التنسيق: كتاب
اللغة:الإسبانية
منشور في: México : Premiá, 1979, c1979
سلاسل:(La Red de Jonás)
الموضوعات:
الوسوم: إضافة وسم
لا توجد وسوم, كن أول من يضع وسما على هذه التسجيلة!

MARC

LEADER 00000nam^a2200000^a^4500
001 000165771
005 20250521000000.0
009 20260310101028.912
020 |a 968-434-124-5 
037 |a Acervo ITESO - Biblioteca 
041 |a ESP 
082 |a 101.  |b DES 
100 |a Desanti, Jean Toussaint  |e (autor) 
245 1 3 |a El filósofo y los poderes :  |b conversaciones con Pascal Lainé y Blandine Barret-Kriegel /  |c J.T. Desanti, P. Laine, B. Barret-Kriegel ; tr. por Fernando Zamora. 
264 4 |a México :  |b Premiá,  |c 1979, c1979 
300 |a 122 p. 
336 |a texto  |b txt  |2 rdacontenido 
337 |a sin mediación  |b n  |2 rdamedio 
338 |a volumen  |b nc  |2 rdasoporte 
440 3 |a (La Red de Jonás) 
500 |a Traducción de: Le philosophe et les pouvoirs 
649 |a XX 
650 |a Epistemología 
650 |a Filosofía -  |x Objeto de Estudio 
650 |a Filosofía 
700 |a Lainé, Pascal  |e (autor) 
700 |a Barret-Kriegel, Blandine  |e (autor) 
910 |a Fondo Armando Suárez Gómez 
920 |a Impresos - Libros 
930 |a Fondos Especiales 
905 |a 111 
901 |a 0700007063  |b IT2  |c ESP  |u 20250521 
902 |a https://opac.biblio.iteso.mx/vufind/Record/000165771